Score 0/28 Timer 08:00
0 Plays Today
% Correct
Violet Lasting
98.1%
Raven Stirling
91.2%
Garnet
75.5%
The Duchess of the Lake
73.6%
Lucien
73%
Ash Lockwood
71.1%
Hazel Lasting
63.5%
The Electress
58.5%
Cora
54.7%
Lily Deering
53.5%
Carnelian
49.1%
Ochre Lasting
45.9%
The Lioness
43.4%
Anabelle
42.8%
% Correct
The Countess of Rose
42.1%
The Exetor
41.5%
The Duke of the Lake
38.4%
The Duchess of Scales
36.5%
The Icedcake
33.3%
The Countess of Stones
30.2%
Patience
27%
Mary
24.5%
Mrs Lasting
23.9%
Mr Lasting
23.9%
Mercy
23.9%
The Lady of Glass
22.6%
The Doctor
21.4%
The Lord of Glass
20.1%
Remove Ads.
Support Sporcle.
Get the best of Sporcle when you Go Orange. This ad-free experience offers more features, more stats, and more fun while also helping to support Sporcle. Thank you for becoming a member.

You're not logged in!

Compare scores with friends on all Sporcle quizzes.
OR
Log In

Show Comments

Extras

Created Jan 5, 2015ReportNominate
Tags:Fictional Characters, Jewel

Top Quizzes Today


Score Distribution

Your Account Isn't Verified!

In order to create a playlist on Sporcle, you need to verify the email address you used during registration. Go to your Sporcle Settings to finish the process.

Report this User

Report this user for behavior that violates our Community Guidelines.

Details: